[Event "SRB-chT 2nd League"]
[Site "Vrnjacka Banja"]
[Date "2022.11.10"]
[Round "9.6"]
[White "Gusev, Mikhail"]
[Black "Levnajic, Pavle"]
[Result "1/2-1/2"]
[WhiteElo "1996"]
[BlackElo "2156"]
[PlyCount "32"]
[EventDate "2022.11.04"]
[EventType "team-tourn"]
[EventRounds "11"]
[EventCountry "SRB"]
[SourceTitle "CBM 211 Extra"]
[Source "ChessBase"]
[SourceDate "2023.01.31"]
[SourceVersion "1"]
[SourceVersionDate "2023.01.31"]
[SourceQuality "1"]
[WhiteTeam "Pancevo Gligoric"]
[BlackTeam "Krajisnik Krajina"]
[WhiteTeamCountry "SRB"]
[BlackTeamCountry "SRB"]

1. d4 d6 2. e4 Nf6 3. Nc3 e6 4. Nf3 Be7 5. Be2 0-0 6. 0-0 d5 7. Bd3 c5 8. dxc5 dxe4 9. Nxe4 Nxe4 10. Bxe4 Qxd1 11. Rxd1 Bxc5 12. Bd2 Nd7 13. Bc3 Nf6 14. Nd2 Nxe4 15. Nxe4 b6 16. Nxc5 bxc5 1/2-1/2

[Event "SRB-chT"]
[Site "Valjevo"]
[Date "2018.09.09"]
[Round "10.1"]
[White "Levnajic, Pavle"]
[Black "Bozic, Milan"]
[Result "1/2-1/2"]
[WhiteElo "2256"]
[BlackElo "2336"]
[PlyCount "120"]
[EventDate "2018.08.31"]
[EventType "team-tourn"]
[EventRounds "11"]
[EventCountry "SRB"]
[SourceTitle "CBM 186 Extra"]
[Source "ChessBase"]
[SourceDate "2018.08.24"]
[SourceVersion "1"]
[SourceVersionDate "2018.08.24"]
[SourceQuality "1"]
[WhiteTeam "Krajisnik Krajina"]
[BlackTeam "Valjevo Sveti Nikolaj"]
[WhiteTeamCountry "SRB"]
[BlackTeamCountry "SRB"]

1. d4 d6 2. e4 c6 3. c3 Nf6 4. Bd3 e5 5. Nf3 Qc7 6. 0-0 Be7 7. Re1 Bg4 8. Nbd2 Nbd7 9. h3 Bh5 10. Nf1 0-0 11. Ng3 Bg6 12. Nh4 Rfe8 13. Nhf5 d5 14. exd5 Nxd5 15. c4 Bxf5 16. Nxf5 N5f6 17. f4 e4 18. Nxe7+ Rxe7 19. Bf1 Nf8 20. Be3 Rd8 21. Qe2 Ne6 22. Qf2 Qa5 23. Red1 Red7 24. f5 Nc7 25. g4 b5 26. b3 bxc4 27. bxc4 Qa4 28. Rd2 Nfe8 29. Rc1 f6 30. Rdc2 Nd6 31. Bg2 Na6 32. a3 Rb7 33. c5 Nf7 34. Bxe4 Nc7 35. Rc4 Qa6 36. Rb4 Rxb4 37. axb4 Nd5 38. Bxd5 Rxd5 39. Qf1 Qa3 40. Qe1 Rd8 41. Qc3 Qa6 42. Re1 h5 43. Bf4 Qa2 44. Re6 Qd5 45. Kf2 Qxd4+ 46. Qxd4 Rxd4 47. Ke3 Rxb4 48. Rxc6 Rb3+ 49. Ke4 Rb4+ 50. Kf3 hxg4+ 51. hxg4 Rb3+ 52. Kf2 Rb2+ 53. Kg3 Rb3+ 54. Kh4 Rb4 55. Rc8+ Kh7 56. Kg3 Rb3+ 57. Kg2 Rb2+ 58. Kf3 Rb3+ 59. Ke4 Rb4+ 60. Ke3 Rb3+ 1/2-1/2

[Event "SRB-chT"]
[Site "Valjevo"]
[Date "2018.09.01"]
[Round "2.1"]
[White "Levnajic, Pavle"]
[Black "Lukovic, Vladimir"]
[Result "0-1"]
[WhiteElo "2256"]
[BlackElo "2439"]
[PlyCount "120"]
[EventDate "2018.08.31"]
[EventType "team-tourn"]
[EventRounds "11"]
[EventCountry "SRB"]
[SourceTitle "CBM 186 Extra"]
[Source "ChessBase"]
[SourceDate "2018.08.24"]
[SourceVersion "1"]
[SourceVersionDate "2018.08.24"]
[SourceQuality "1"]
[WhiteTeam "Krajisnik Krajina"]
[BlackTeam "Subotica Spartak"]
[WhiteTeamCountry "SRB"]
[BlackTeamCountry "SRB"]

1. d4 d5 2. Nf3 Nf6 3. c4 c6 4. Qb3 dxc4 5. Qxc4 Bf5 6. Nc3 Nbd7 7. g3 e6 8. Bg2 Be7 9. 0-0 0-0 10. Nh4 Nb6 11. Qb3 Qxd4 12. Nxf5 exf5 13. Rd1 Qc4 14. Qc2 g6 15. b3 Qe6 16. Bb2 Rad8 17. e3 Rxd1+ 18. Rxd1 Rd8 19. Ne2 Rxd1+ 20. Qxd1 Qd7 21. Qc2 Nbd5 22. a3 Ne8 23. b4 Nec7 24. Qd3 Bf6 25. Bc1 Nb6 26. Qc2 Qe6 27. h4 Qc4 28. Qd1 Ncd5 29. h5 Qg4 30. hxg6 hxg6 31. Qd3 Qc4 32. Qd1 Na4 33. Bf3 Nac3 34. Nxc3 Nxc3 35. Qc2 Qa2 36. Qd3 Qa1 37. Qf1 a6 38. Kg2 Nb5 39. g4 fxg4 40. Bxg4 Bb2 41. a4 Nc3 42. Bxb2 Qxb2 43. Qc4 Nd5 44. Qe4 Qxb4 45. Qe8+ Kg7 46. Bc8 Ne7 47. Bd7 Qd6 48. a5 c5 49. Ba4 c4 50. Kf1 c3 51. Bb3 Qf6 52. Ke2 Nc6 53. f4 Nxa5 54. Bxf7 Qxf7 55. Qe5+ Kh7 56. Qxa5 Qc4+ 57. Kf2 c2 58. Qd8 c1Q 59. Qd7+ Kg8 60. Qd8+ Kg7 0-1

[Event "Vojvodina-chT"]
[Site "Novi Sad"]
[Date "2017.11.18"]
[Round "8.2"]
[White "Farkas, Tibor"]
[Black "Levnajic, Pavle"]
[Result "1/2-1/2"]
[WhiteElo "2315"]
[BlackElo "2229"]
[PlyCount "28"]
[EventDate "2017.11.13"]
[EventType "team-tourn"]
[EventRounds "11"]
[EventCountry "SRB"]
[SourceTitle "CBM 181 Extra"]
[Source "ChessBase"]
[SourceDate "2017.12.12"]
[SourceVersion "1"]
[SourceVersionDate "2017.12.12"]
[SourceQuality "1"]
[WhiteTeam "Pacir Backa"]
[BlackTeam "Srpska Crnja Buducnost"]
[WhiteTeamCountry "SRB"]
[BlackTeamCountry "SRB"]

1. e4 c5 2. Nf3 Nc6 3. d4 cxd4 4. Nxd4 Qc7 5. Nc3 e6 6. g3 a6 7. Bg2 d6 8. 0-0 Bd7 9. Re1 Be7 10. Nxc6 Bxc6 11. a4 Nf6 12. a5 Rc8 13. Be3 0-0 14. Qd2 Nd7 1/2-1/2

[Event "Vojvodina-chT"]
[Site "Novi Sad"]
[Date "2017.11.15"]
[Round "3.3"]
[White "Djordjevic, Mitar"]
[Black "Levnajic, Pavle"]
[Result "0-1"]
[WhiteElo "2145"]
[BlackElo "2229"]
[PlyCount "80"]
[EventDate "2017.11.13"]
[EventType "team-tourn"]
[EventRounds "11"]
[EventCountry "SRB"]
[SourceTitle "CBM 181 Extra"]
[Source "ChessBase"]
[SourceDate "2017.12.12"]
[SourceVersion "1"]
[SourceVersionDate "2017.12.12"]
[SourceQuality "1"]
[WhiteTeam "Indija Sloga"]
[BlackTeam "Srpska Crnja Buducnost"]
[WhiteTeamCountry "SRB"]
[BlackTeamCountry "SRB"]

1. d4 Nf6 2. Nf3 g6 3. g3 Bg7 4. Bg2 0-0 5. 0-0 d6 6. b3 Nc6 7. Bb2 e5 8. dxe5 Ng4 9. c4 Ngxe5 10. Nc3 Re8 11. Qd2 Bg4 12. Nd5 a5 13. h3 Bd7 14. Nd4 Nb8 15. f4 Nec6 16. Nb5 Na6 17. Bxg7 Kxg7 18. Qb2+ f6 19. g4 Ncb4 20. Nxb4 Nxb4 21. Bxb7 Rb8 22. Bf3 Na6 23. Nc3 Nc5 24. Nd5 c6 25. Nc3 a4 26. b4 Qb6 27. Kg2 Qxb4 28. Qd2 Qxc4 29. Qxd6 Rbd8 30. Rac1 Bxg4 31. Qxc6 Rc8 32. Qd5 Bxf3+ 33. Kxf3 Re4 34. e3 f5 35. Rfe1 Nd3 36. Qd7+ Kh6 37. Rg1 Nxc1 38. Rxc1 Qe6 39. Qd2 Rec4 40. Ne2 Qe4+ 0-1

[Event "Vojvodina-chT 2nd League"]
[Site "Stari Banovci"]
[Date "2013.11.11"]
[Round "11"]
[White "Azaric, Slavko"]
[Black "Levnajic, Pavle"]
[Result "1/2-1/2"]
[WhiteElo "2294"]
[BlackElo "2251"]
[PlyCount "62"]
[EventDate "2013.11.03"]
[EventType "team-tourn"]
[EventRounds "11"]
[EventCountry "SRB"]
[SourceTitle "EXT 2015"]
[Source "ChessBase"]
[SourceDate "2014.11.20"]
[SourceVersion "1"]
[SourceVersionDate "2014.11.20"]
[SourceQuality "1"]

1. e4 e5 2. Nf3 Nc6 3. Nc3 Nf6 4. a3 d6 5. d4 exd4 6. Nxd4 Be7 7. Bb5 Bd7 8. 0-0 0-0 9. Re1 Re8 10. Bf4 Nxd4 11. Bxd7 Nxd7 12. Qxd4 Bf6 13. Qc4 Be5 14. Bg3 Nb6 15. Qd3 Qf6 16. Bxe5 Qxe5 17. Re3 Qc5 18. Qb5 Re5 19. Qxc5 Rxc5 20. b3 Re8 21. Rae1 g6 22. Kf1 Kf8 23. R1e2 a5 24. a4 d5 25. Rd2 dxe4 26. Nxe4 Rce5 27. Nf6 Rxe3 28. fxe3 Rxe3 29. Nxh7+ Ke7 30. Ng5 c6 31. Re2 Nd5 1/2-1/2

[Event "Vojvodina-chT 2nd League"]
[Site "Stari Banovci"]
[Date "2013.11.05"]
[Round "3"]
[White "Dragojlovic, Andjelko"]
[Black "Levnajic, Pavle"]
[Result "1-0"]
[WhiteElo "2337"]
[BlackElo "2251"]
[PlyCount "75"]
[EventDate "2013.11.03"]
[EventType "team-tourn"]
[EventRounds "11"]
[EventCountry "SRB"]
[SourceTitle "EXT 2015"]
[Source "ChessBase"]
[SourceDate "2014.11.20"]
[SourceVersion "1"]
[SourceVersionDate "2014.11.20"]
[SourceQuality "1"]

1. e4 c6 2. d4 d5 3. Nd2 Qb6 4. Ngf3 Bg4 5. c3 e6 6. Bd3 Nf6 7. 0-0 Be7 8. Re1 Bh5 9. exd5 cxd5 10. Qa4+ Nc6 11. Ne5 0-0 12. Ndf3 Rac8 13. h3 Rfd8 14. Ng5 h6 15. Ngf3 Bxf3 16. Nxf3 Bd6 17. Qd1 Qc7 18. Qe2 Nd7 19. Be3 a6 20. Rad1 Na5 21. Bb1 Nc4 22. Qc2 Nf8 23. Bc1 b5 24. Qe2 Qb7 25. Ne5 Bxe5 26. dxe5 Ng6 27. Qh5 Qe7 28. Bxg6 fxg6 29. Qxg6 Qf7 30. Qg3 Qh5 31. Rd4 Kh7 32. Rh4 Qf5 33. b3 Nb6 34. Bxh6 gxh6 35. Qe3 Qg6 36. Qxb6 Rg8 37. Rg4 Qf5 38. Qb7+ 1-0

[Event "Vojvodina-chT 2nd League"]
[Site "Stari Banovci"]
[Date "2013.11.04"]
[Round "1"]
[White "Levnajic, Pavle"]
[Black "Robulj, Nenad"]
[Result "1/2-1/2"]
[WhiteElo "2251"]
[BlackElo "2322"]
[PlyCount "24"]
[EventDate "2013.11.03"]
[EventType "team-tourn"]
[EventRounds "11"]
[EventCountry "SRB"]
[SourceTitle "EXT 2015"]
[Source "ChessBase"]
[SourceDate "2014.11.20"]
[SourceVersion "1"]
[SourceVersionDate "2014.11.20"]
[SourceQuality "1"]

1. d4 Nf6 2. Nf3 g6 3. c4 Bg7 4. Nc3 d5 5. cxd5 Nxd5 6. e4 Nxc3 7. bxc3 0-0 8. Be2 c5 9. 0-0 cxd4 10. cxd4 Nc6 11. Be3 Bg4 12. d5 Ne5 1/2-1/2

[Event "Zrenjanin"]
[Site "Zrenjanin"]
[Date "2012.11.28"]
[Round "5"]
[White "Levnajic, Pavle"]
[Black "Bodiroga, Predrag"]
[Result "1-0"]
[WhiteElo "2210"]
[BlackElo "2391"]
[PlyCount "83"]
[EventDate "2012.11.23"]
[EventType "tourn"]
[EventRounds "9"]
[EventCountry "SRB"]
[EventCategory "3"]
[SourceTitle "EXT 2014"]
[Source "ChessBase"]
[SourceDate "2013.11.20"]
[SourceVersion "1"]
[SourceVersionDate "2013.11.20"]
[SourceQuality "1"]

1. e4 c6 2. d4 d5 3. e5 Bf5 4. Nc3 a6 5. Nge2 e6 6. Nf4 h6 7. Bd3 Ne7 8. 0-0 Qb6 9. Be3 Nd7 10. a3 Bxd3 11. Qxd3 g6 12. b4 Bg7 13. Qd2 Qc7 14. Na4 b6 15. Nb2 Nf5 16. c4 dxc4 17. Nxc4 0-0 18. Rac1 Rfd8 19. Qe2 h5 20. h3 h4 21. Rfd1 Qb7 22. Qf3 Rab8 23. Qe4 Bf8 24. Kh2 a5 25. bxa5 b5 26. Nd6 Nxd6 27. exd6 Bxd6 28. Kh1 Nf6 29. Qf3 Ne8 30. Rxc6 Bxa3 31. a6 Qd7 32. a7 Ra8 33. d5 Be7 34. Rcc1 e5 35. d6 Bf8 36. Nd5 Qe6 37. Nc7 Nxc7 38. dxc7 Rdc8 39. Rd8 e4 40. Qd1 Kh7 41. Rxc8 Qxc8 42. Qd5 1-0

[Event "Zrenjanin"]
[Site "Zrenjanin"]
[Date "2011.07.17"]
[Round "9"]
[White "Levnajic, Pavle"]
[Black "Stanimirovic, Bosko"]
[Result "1-0"]
[WhiteElo "2248"]
[BlackElo "1795"]
[PlyCount "65"]
[EventDate "2011.07.08"]
[EventType "tourn"]
[EventRounds "9"]
[EventCountry "SRB"]
[SourceTitle "EXT 2013"]
[Source "ChessBase"]
[SourceDate "2012.11.22"]
[SourceVersion "1"]
[SourceVersionDate "2012.11.22"]
[SourceQuality "1"]

1. e4 c5 2. Nf3 Nc6 3. c3 Nf6 4. e5 Nd5 5. d4 e6 6. Bc4 cxd4 7. cxd4 d6 8. 0-0 Be7 9. Qe2 0-0 10. Nc3 Nxc3 11. bxc3 dxe5 12. dxe5 Qc7 13. Bd3 Rd8 14. Re1 Bd7 15. Ng5 g6 16. Bf4 Qa5 17. Rac1 h6 18. Nf3 Bf8 19. h4 Ne7 20. h5 Be8 21. Nd4 Nd5 22. Bd2 Rac8 23. hxg6 Nxc3 24. gxf7+ Bxf7 25. Qg4+ Kh8 26. Rxc3 Rxc3 27. Qe4 Rxd3 28. Bxa5 R8xd4 29. Qxb7 Rd7 30. Qb8 Kg7 31. Bb4 Bxb4 32. Qxb4 Rd1 33. Qg4+ 1-0

[Event "Vojvodina-chT"]
[Site "Sombor"]
[Date "2009.09.29"]
[Round "4"]
[White "Levnajic, Pavle"]
[Black "Cabarkapa, Novak"]
[Result "0-1"]
[WhiteElo "2245"]
[BlackElo "2033"]
[PlyCount "58"]
[EventDate "2009.09.27"]
[EventType "team-swiss"]
[EventRounds "11"]
[EventCountry "YUG"]
[SourceTitle "EXT 2012"]
[Source "ChessBase"]
[SourceDate "2011.11.24"]
[SourceVersion "1"]
[SourceVersionDate "2011.11.24"]
[SourceQuality "1"]

1. d4 Nf6 2. Nf3 g6 3. Nc3 Bg7 4. e4 d6 5. h3 0-0 6. Bg5 c6 7. Qd2 b5 8. Bd3 a6 9. 0-0 Nbd7 10. Rfe1 e5 11. Bf1 b4 12. Na4 Qa5 13. b3 Bb7 14. a3 exd4 15. axb4 Qc7 16. Bf4 c5 17. bxc5 Nxc5 18. Nxc5 Qxc5 19. Ra5 Qb6 20. Bd3 Rfe8 21. e5 Nh5 22. Bh2 Bxf3 23. gxf3 Bh6 24. f4 Nxf4 25. Rxa6 Nxd3 26. Rxb6 Bxd2 27. Re2 Nf4 28. Bxf4 Bxf4 29. Rxd6 Bxe5 0-1